| 000 | 01243nam a2200229Ia 4500 | ||
|---|---|---|---|
| 001 | L853-36487 | ||
| 003 | IT-CnALBA | ||
| 008 | 170116s9999||||xx |||||||||||||| ||und|| | ||
| 040 |
_aIT-CnALBA _cIT-CnALBA |
||
| 041 | _aITALIANO | ||
| 100 | _aPAPERINI CESARE | ||
| 245 | 0 | _aLE PIÙ BELLE E GUSTOSE NOVELLE. DAL SECOLO XII AD OGGI. LA BUONA PAROLA. PER LE MEDIE INFERIORI. | |
| 250 | _a2a ed. | ||
| 260 |
_a ROMA _bSIGNORELLI ANGELO, EDITORE _c1933 [1° Ed.: n.d.] |
||
| 300 | _a473 p. | ||
| 500 | _aPREFAZIONE DELL'AUTORE. NOVELLE ANTICHE. NOVELLINO. PASSAVANTI. SACCHETTI. S. BERNARDINO. MASUCCIO SALERNITANO. GRAZZINI. BARTOLI REDI. BASILE ETC... RACCONTI PER L'EDUCAZIONE RELIGIOSA. LETTURE DELLA BIBBIA. DALLA LITURGIA. SAGGI LETTERARI. NOZIONI SUI D | ||
| 501 | _aSocietà San Paolo EM - Piazza San Paolo, 14 - 12051 ALBA (CN) (non commercial uses only) ® Copyright 2017 | ||
| 520 | _aPREFAZIONE DELL'AUTORE. NOVELLE ANTICHE. NOVELLINO. PASSAVANTI. SACCHETTI. S. BERNARDINO. MASUCCIO SALERNITANO. GRAZZINI. BARTOLI REDI. BASILE ETC... RACCONTI PER L'EDUCAZIONE RELIGIOSA. LETTURE DELLA BIBBIA. DALLA LITURGIA. SAGGI LETTERARI. NOZIONI SUI D | ||
| 650 | _aNARRATIVA ITALIANA E POESIA | ||
| 942 | _cBK | ||
| 957 | _71 | ||
| 999 |
_a41259 _bSI _g Copie: 1 _c295294 _d295294 |
||